| 000 | 00608nam a22002297a 4500 | ||
|---|---|---|---|
| 003 | UA-OsUOA | ||
| 001 | 98401 | ||
| 007 | ta | ||
| 008 | 20130415b un ||||| |||| 00| 0 ukr d | ||
| 100 | _aПрицкер Д. | ||
| 090 |
_a94(44) _bП77 |
||
| 942 | _cBK | ||
| 040 |
_aUA-OsUOA _brus _cUA-OsUOA _dUA-OsUOA |
||
| 245 |
_aЖорж Клемансо _bполитическая биография |
||
| 300 | _a314 с. | ||
| 955 | _a3 | ||
| 041 | _arus | ||
| 080 | _a94(44) | ||
| 260 |
_aМ. _bМысль _c1983 |
||
| 650 | 7 |
_a9 Географія. Біографії. Історія _2UDC |
|
| 999 |
_c385056 _d385056 |
||